Normal view
MARC view
Entry Topical Term
001 - CONTROL NUMBER
- control field: 23074
003 - CONTROL NUMBER IDENTIFIER
- control field: ENAL
005 - DATE AND TIME OF LATEST TRANSACTION
- control field: 20181205113309.0
008 - FIXED-LENGTH DATA ELEMENTS
- fixed length control field: 181205|| aca||aabn | a|a d
040 ## - CATALOGING SOURCE
- Original cataloging agency: ENAL
- Transcribing agency: ENAL
150 ## - HEADING--TOPICAL TERM
- Topical term or geographic name entry element: Image analysis
670 ## - SOURCE DATA FOUND
- Source citation: Work cat.: (ENAL): Barin, Enas Mohamed Kamel Mohamed. 23073, Distinguish between some weed seeds species and field crops using image analysis, 2015.